Statistics for Argentina All-Time Greatest XI

Click here to take the quiz!

General Stats

  • This quiz has been taken 949 times
    (771 since last reset)
  • The average score is 6 of 11

Answer Stats

Position:Years Active:Player:% Correct
Forward2005-2015Lionel Messi
98%
Midfielder1977-1994Diego Maradona
95%
Forward1991-2002Gabriel Batistuta
75%
Defender1994-2011Javier Zanetti
65%
Midfielder2003-2015Javier Mascherano
62%
Midfielder1947*Alfredo Di Stéfano
55%
Defender1974-1986Daniel Passarella
41%
Goalkeeper1974-1985Ubaldo Fillol
32%
Defender1983-1994Oscar Ruggeri
29%
Forward1936–1950José Manuel Moreno
11%
Defender1960-1969Silvio Marzolini
11%

Score Distribution

Percentile by Number Answered

Percent of People with Each Score

Your Score History

You have not taken this quiz since the last reset